[Event "Pozarevac Rudar FM3 11"]
[Site "Pozarevac"]
[Date "2023.11.15"]
[Round "1.3"]
[White "Nimay, Agrawal"]
[Black "Rajkovic, Ljubisa"]
[Result "1/2-1/2"]
[WhiteElo "1678"]
[BlackElo "2004"]
[PlyCount "152"]
[EventDate "2023.11.15"]
[EventType "schev"]
[EventRounds "10"]
[EventCountry "SRB"]
[SourceTitle "CBM 217 Extra"]
[Source "ChessBase"]
[SourceDate "2024.01.31"]
[SourceVersion "1"]
[SourceVersionDate "2024.01.31"]
[SourceQuality "1"]
[WhiteTeam "Team A"]
[BlackTeam "Team B"]
[WhiteTeamCountry "SRB"]
[BlackTeamCountry "SRB"]

1. e4 e5 2. Nf3 Nc6 3. Bc4 Bc5 4. c3 Nf6 5. d3 d6 6. 0-0 0-0 7. a4 a6 8. h3 Ba7 9. Re1 Bd7 10. Nbd2 Ne7 11. Nf1 Ng6 12. Ng3 Be6 13. Bb3 h6 14. d4 Qc8 15. Bc2 Bxh3 16. gxh3 Qxh3 17. Qe2 Rae8 18. Qf1 Qg4 19. Qg2 Nf4 20. Bxf4 Qxf4 21. Ne2 Qg4 22. Qxg4 Nxg4 23. Ng3 g6 24. Kg2 Kg7 25. Rh1 h5 26. Rag1 Rh8 27. Rd1 Re7 28. Nh4 Nh6 29. Rd2 Rhe8 30. Rhd1 f6 31. f3 Nf7 32. Rf1 Nh6 33. Kh1 Kh7 34. Rg1 Rg7 35. Bb3 Kh8 36. Bd5 c6 37. Bb3 Rf8 38. Bc2 Kh7 39. Bb3 Re8 40. Rdg2 Ree7 41. dxe5 dxe5 42. Rd1 Be3 43. Re2 Bf4 44. Nf1 Rd7 45. Ng2 Bg5 46. Ree1 Rge7 47. a5 Kg7 48. Rxd7 Rxd7 49. Rd1 Rxd1 50. Bxd1 Bc1 51. b3 Bb2 52. Nge3 Bxc3 53. Nc4 Nf7 54. Kg2 Kf8 55. Nfe3 Ke7 56. Be2 Nd6 57. Nxd6 Kxd6 58. Nc4+ Kc5 59. Kf2 Bd4+ 60. Kg3 g5 61. Kg2 Bc3 62. Bf1 Bb4 63. Kf2 Kd4 64. Bh3 Kc3 65. Bc8 Kxb3 66. Ne3 Bxa5 67. Bxb7 Bb6 68. Bxa6 Kc3 69. Ke2 Bxe3 70. Kxe3 c5 71. Bc8 Kc2 72. Ba6 h4 73. Bf1 Kc3 74. Bh3 Kc2 75. Bf1 Kc3 76. Bh3 Kc2 1/2-1/2

[Event "Pozarevac Rudar FM2 11"]
[Site "Pozarevac"]
[Date "2023.11.12"]
[Round "7.5"]
[White "Rajkovic, Ljubisa"]
[Black "Usacheva, Glafira"]
[Result "1/2-1/2"]
[WhiteElo "2004"]
[BlackElo "1916"]
[PlyCount "91"]
[EventDate "2023.11.07"]
[EventType "schev"]
[EventRounds "10"]
[EventCountry "SRB"]
[SourceTitle "CBM 217 Extra"]
[Source "ChessBase"]
[SourceDate "2024.01.31"]
[SourceVersion "1"]
[SourceVersionDate "2024.01.31"]
[SourceQuality "1"]
[WhiteTeam "Team A"]
[BlackTeam "Team B"]
[WhiteTeamCountry "SRB"]
[BlackTeamCountry "SRB"]

1. e4 c5 2. Nf3 e6 3. d4 cxd4 4. Nxd4 Nf6 5. Nc3 Nc6 6. Ndb5 Bc5 7. Nd6+ Ke7 8. Nxc8+ Rxc8 9. Bd3 Qc7 10. 0-0 Kf8 11. Kh1 h5 12. Qe1 Ng4 13. f4 a6 14. Qh4 b5 15. Be2 Qd8 16. Qg3 Nd4 17. Bd3 Be7 18. Qe1 b4 19. Ne2 Nxc2 20. Bxc2 Rxc2 21. Nd4 Rc4 22. Nf3 Qa8 23. Nd2 Rc2 24. h3 Nf6 25. e5 Nd5 26. Nf3 Nb6 27. Rb1 g6 28. Qd1 Qc6 29. Ne1 Rc4 30. Bd2 Nd5 31. Qe2 Kg7 32. Rd1 Rc8 33. Rf3 Qb5 34. Qd3 R4c5 35. g4 hxg4 36. hxg4 Rh8+ 37. Kg2 Qxd3 38. Rxd3 Rc4 39. Kf3 Rh3+ 40. Kg2 Rh7 41. Kf3 a5 42. f5 gxf5 43. gxf5 Rh3+ 44. Kg2 Rxd3 45. Nxd3 exf5 46. Kf3 1/2-1/2

[Event "Pozarevac Rudar FM2 11"]
[Site "Pozarevac"]
[Date "2023.11.09"]
[Round "3.5"]
[White "Rajkovic, Ljubisa"]
[Black "Stefanovic, Bosko"]
[Result "0-1"]
[WhiteElo "2004"]
[BlackElo "2026"]
[PlyCount "110"]
[EventDate "2023.11.07"]
[EventType "schev"]
[EventRounds "10"]
[EventCountry "SRB"]
[SourceTitle "CBM 217 Extra"]
[Source "ChessBase"]
[SourceDate "2024.01.31"]
[SourceVersion "1"]
[SourceVersionDate "2024.01.31"]
[SourceQuality "1"]
[WhiteTeam "Team A"]
[BlackTeam "Team B"]
[WhiteTeamCountry "SRB"]
[BlackTeamCountry "SRB"]

1. d4 Nf6 2. c4 c5 3. d5 e6 4. Nc3 exd5 5. cxd5 d6 6. e4 g6 7. Bb5+ Nbd7 8. Nf3 a6 9. Bxd7+ Bxd7 10. a4 Bg7 11. 0-0 0-0 12. h3 Re8 13. Re1 b5 14. Qc2 Nh5 15. axb5 axb5 16. Rxa8 Qxa8 17. g4 Nf6 18. Bf4 Qa6 19. e5 dxe5 20. Rxe5 Rxe5 21. Nxe5 b4 22. Nxd7 Nxd7 23. Nd1 Qa1 24. Kg2 Bd4 25. Bh6 Qa8 26. Ne3 Bxe3 27. Bxe3 Qxd5+ 28. f3 c4 29. Qd2 Qxd2+ 30. Bxd2 c3 31. bxc3 b3 32. Bc1 Nc5 33. Ba3 Nd3 34. c4 b2 35. Bxb2 Nxb2 36. c5 Nc4 37. f4 f5 38. Kg3 Kf7 39. gxf5 gxf5 40. Kh4 Kg6 41. c6 Nd6 42. c7 Nc8 43. Kg3 Kh5 44. Kh2 Kh6 45. Kg3 Kg6 46. Kh4 Ne7 47. Kg3 h6 48. Kh4 h5 49. Kg3 Kh6 50. Kf3 h4 51. Ke2 Kg6 52. Kd3 Kf6 53. Kc4 Ke6 54. Kd4 Kd6 55. Kc4 Kxc7 0-1

[Event "Pozarevac Rudar FM 10"]
[Site "Pozarevac"]
[Date "2023.11.04"]
[Round "6.3"]
[White "Rajkovic, Ljubisa"]
[Black "Krinulovic, Andjela"]
[Result "1-0"]
[WhiteElo "2002"]
[BlackElo "1205"]
[PlyCount "43"]
[EventDate "2023.10.30"]
[EventType "schev"]
[EventRounds "8"]
[EventCountry "SRB"]
[SourceTitle "CBM 217 Extra"]
[Source "ChessBase"]
[SourceDate "2024.01.31"]
[SourceVersion "1"]
[SourceVersionDate "2024.01.31"]
[SourceQuality "1"]
[WhiteTeam "Team A"]
[BlackTeam "Team B"]
[WhiteTeamCountry "SRB"]
[BlackTeamCountry "SRB"]

1. Nf3 d5 2. c4 e6 3. g3 Nf6 4. Bg2 Be7 5. 0-0 0-0 6. d4 Nbd7 7. cxd5 exd5 8. Nc3 c6 9. Qc2 h6 10. Re1 Re8 11. Bf4 b6 12. Nb5 Bb4 13. Qxc6 Ba6 14. Nc3 Bxc3 15. Qxc3 Rxe2 16. Ne5 Rxe1+ 17. Rxe1 Bb7 18. Qb3 Rc8 19. g4 g5 20. Bg3 Qc7 21. Nxf7 Qc2 22. Nxh6+ 1-0

[Event "Pozarevac Rudar FM 10"]
[Site "Pozarevac"]
[Date "2023.11.03"]
[Round "5.3"]
[White "Ilic, Mia"]
[Black "Rajkovic, Ljubisa"]
[Result "0-1"]
[WhiteElo "1541"]
[BlackElo "2002"]
[PlyCount "46"]
[EventDate "2023.10.30"]
[EventType "schev"]
[EventRounds "8"]
[EventCountry "SRB"]
[SourceTitle "CBM 217 Extra"]
[Source "ChessBase"]
[SourceDate "2024.01.31"]
[SourceVersion "1"]
[SourceVersionDate "2024.01.31"]
[SourceQuality "1"]
[WhiteTeam "Team B"]
[BlackTeam "Team A"]
[WhiteTeamCountry "SRB"]
[BlackTeamCountry "SRB"]

1. d4 c5 2. d5 e5 3. c4 d6 4. e4 Be7 5. Be2 Bg5 6. Nd2 Nf6 7. Qc2 Na6 8. a3 0-0 9. h4 Bh6 10. Nh3 Nc7 11. f3 Be3 12. Nf1 Bxc1 13. Qxc1 Rb8 14. g4 b5 15. h5 bxc4 16. h6 g6 17. Bxc4 a6 18. Ng3 Nd7 19. f4 exf4 20. Qxf4 Ne5 21. Be2 Bxg4 22. Nf5 Rxb2 23. Rh2 Rxe2+ 0-1

[Event "Pozarevac Rudar FM 10"]
[Site "Pozarevac"]
[Date "2023.11.01"]
[Round "3.3"]
[White "Rajkovic, Ljubisa"]
[Black "Usacheva, Glafira"]
[Result "1/2-1/2"]
[WhiteElo "2002"]
[BlackElo "1916"]
[PlyCount "98"]
[EventDate "2023.10.30"]
[EventType "schev"]
[EventRounds "8"]
[EventCountry "SRB"]
[SourceTitle "CBM 217 Extra"]
[Source "ChessBase"]
[SourceDate "2024.01.31"]
[SourceVersion "1"]
[SourceVersionDate "2024.01.31"]
[SourceQuality "1"]
[WhiteTeam "Team A"]
[BlackTeam "Team B"]
[WhiteTeamCountry "SRB"]
[BlackTeamCountry "SRB"]

1. Nf3 Nf6 2. c4 e6 3. Nc3 d5 4. d4 c5 5. cxd5 Nxd5 6. e4 Nxc3 7. bxc3 cxd4 8. cxd4 Bb4+ 9. Bd2 Bxd2+ 10. Qxd2 0-0 11. Be2 Nd7 12. 0-0 Nf6 13. Bd3 b6 14. e5 Ne8 15. Rfe1 Bb7 16. Ng5 g6 17. Qf4 h6 18. Nh3 Kh7 19. Rad1 Ng7 20. g4 Rc8 21. Re3 Rc7 22. f3 Qc8 23. Ree1 Bd5 24. Nf2 Rc3 25. Ne4 Bxe4 26. Bxe4 Qc7 27. Rc1 f5 28. Qd2 Rxc1 29. Rxc1 Qe7 30. Bd3 Rd8 31. Qe3 Qd7 32. Rc4 b5 33. Rc5 Qxd4 34. Qxd4 Rxd4 35. Be2 a6 36. Kf2 Rd2 37. a3 Ra2 38. Rc3 a5 39. Rb3 a4 40. Rxb5 Rxa3 41. h3 Ra1 42. Ra5 a3 43. Ra7 Kg8 44. Ra8+ Kh7 45. Ra7 Ra2 46. Ke1 Kg8 47. Ra8+ Kh7 48. Ra7 Ra1+ 49. Kf2 Ra2 1/2-1/2

[Event "Pozarevac Rudar FM 10"]
[Site "Pozarevac"]
[Date "2023.10.30"]
[Round "1.3"]
[White "Rajkovic, Ljubisa"]
[Black "Ilic, Mia"]
[Result "1-0"]
[WhiteElo "2002"]
[BlackElo "1541"]
[PlyCount "33"]
[EventDate "2023.10.30"]
[EventType "schev"]
[EventRounds "8"]
[EventCountry "SRB"]
[SourceTitle "CBM 217 Extra"]
[Source "ChessBase"]
[SourceDate "2024.01.31"]
[SourceVersion "1"]
[SourceVersionDate "2024.01.31"]
[SourceQuality "1"]
[WhiteTeam "Team A"]
[BlackTeam "Team B"]
[WhiteTeamCountry "SRB"]
[BlackTeamCountry "SRB"]

1. e4 c5 2. Nf3 g6 3. d4 cxd4 4. Qxd4 Nf6 5. e5 Nc6 6. Qf4 Nd5 7. Qe4 Nb6 8. Bb5 a6 9. Bd3 d5 10. Qf4 Bg7 11. 0-0 0-0 12. Re1 Qc7 13. Qg3 Nb4 14. Nc3 Nxd3 15. cxd3 Bd7 16. Bf4 Qd8 17. e6 1-0

[Event "SRB-chT 2nd League East play out"]
[Site "Knic"]
[Date "2019.10.06"]
[Round "1.5"]
[White "Rajkovic, Ljubisa"]
[Black "Randjelovic, Nikola"]
[Result "1-0"]
[WhiteElo "2117"]
[BlackElo "1947"]
[PlyCount "45"]
[EventDate "2019.10.06"]
[EventType "team-match"]
[EventRounds "1"]
[EventCountry "SRB"]
[SourceTitle "CBM 195 Extra"]
[Source "ChessBase"]
[SourceDate "2020.05.31"]
[SourceVersion "1"]
[SourceVersionDate "2020.05.31"]
[SourceQuality "1"]
[WhiteTeam "Pozarevac"]
[BlackTeam "Aleksinac"]
[WhiteTeamCountry "SRB"]
[BlackTeamCountry "SRB"]

1. d4 Nf6 2. c4 g6 3. Nc3 Bg7 4. e4 d6 5. Be2 0-0 6. Bg5 c5 7. d5 e6 8. f3 exd5 9. cxd5 a6 10. a4 Re8 11. g4 Qa5 12. Kf1 Nbd7 13. Nh3 Ne5 14. Nf2 Qb4 15. Qd2 Nc4 16. Bxc4 Qxc4+ 17. Kg2 Bd7 18. Qf4 Qd4 19. Rhd1 Qe5 20. Qxe5 Rxe5 21. Bf4 Ree8 22. Bxd6 Rac8 23. e5 1-0

[Event "SRB-chT3 East"]
[Site "Serbia"]
[Date "2017.10.14"]
[Round "9.3"]
[White "Tosic, Branislav"]
[Black "Rajkovic, Ljubisa"]
[Result "1/2-1/2"]
[WhiteElo "2208"]
[BlackElo "2092"]
[PlyCount "35"]
[EventDate "2017.09.03"]
[EventType "team-tourn"]
[EventRounds "11"]
[EventCountry "SRB"]
[SourceTitle "EXT 2022"]
[Source "ChessBase"]
[SourceDate "2021.10.06"]
[SourceVersion "1"]
[SourceVersionDate "2021.10.06"]
[SourceQuality "1"]

1. d4 Nf6 2. Nf3 e6 3. Bg5 c5 4. c3 Qb6 5. Qb3 Nc6 6. e3 d5 7. Nbd2 c4 8. Qxb6 axb6 9. a3 b5 10. Rc1 Bd6 11. Bf4 Be7 12. h3 0-0 13. Be2 Bd7 14. Bd1 Rfc8 15. Ne5 Be8 16. Bc2 Nd7 17. Nxd7 Bxd7 18. Nf3 1/2-1/2

[Event "SRB-chT3 East"]
[Site "Serbia"]
[Date "2017.10.13"]
[Round "7.5"]
[White "Rasic, Jovan"]
[Black "Rajkovic, Ljubisa"]
[Result "1/2-1/2"]
[WhiteElo "2111"]
[BlackElo "2092"]
[PlyCount "83"]
[EventDate "2017.09.03"]
[EventType "team-tourn"]
[EventRounds "11"]
[EventCountry "SRB"]
[SourceTitle "EXT 2022"]
[Source "ChessBase"]
[SourceDate "2021.10.06"]
[SourceVersion "1"]
[SourceVersionDate "2021.10.06"]
[SourceQuality "1"]

1. e4 e5 2. Nf3 Nc6 3. Bc4 Bc5 4. b4 Bxb4 5. c3 Bc5 6. d4 exd4 7. 0-0 d3 8. Ng5 Nh6 9. Bxf7+ Nxf7 10. Nxf7 Kxf7 11. Qh5+ Kf8 12. Qxc5+ d6 13. Qd5 Qf6 14. Qxd3 Ne5 15. Qg3 Nf7 16. f4 Bd7 17. Nd2 Bc6 18. Bb2 Re8 19. Rae1 b6 20. Ba1 Re7 21. c4 Qg6 22. Qh3 Rg8 23. Qc8+ Be8 24. Qa8 a5 25. Nf3 Qe6 26. e5 dxe5 27. Nxe5 Nxe5 28. fxe5+ Rf7 29. Qd8 h6 30. h4 Rh8 31. h5 Kg8 32. Rxf7 Qxf7 33. e6 Qxh5 34. Re5 Qg6 35. Kh2 Kh7 36. Qxc7 Rf8 37. Re3 Rf5 38. Rg3 Rh5+ 39. Rh3 Rg5 40. Rg3 Qh5+ 41. Rh3 Qg6 42. Rg3 1/2-1/2

[Event "SRB-CupT Central"]
[Site "Serbia"]
[Date "2013.04.27"]
[Round "7.6"]
[White "Rajkovic, Ljubisa"]
[Black "Tojagic, Dane"]
[Result "1/2-1/2"]
[WhiteElo "2151"]
[BlackElo "2276"]
[PlyCount "25"]
[EventDate "2013.03.24"]
[EventType "team-tourn"]
[EventRounds "8"]
[EventCountry "SRB"]
[SourceTitle "EXT 2018"]
[Source "ChessBase"]
[SourceDate "2017.10.13"]
[SourceVersion "1"]
[SourceVersionDate "2017.10.13"]
[SourceQuality "1"]

1. c4 c5 2. Nc3 Nf6 3. g3 d5 4. cxd5 Nxd5 5. Bg2 Nc7 6. Qa4+ Qd7 7. Qc4 e6 8. Nf3 Nc6 9. 0-0 Rb8 10. a4 b6 11. d3 Be7 12. Bf4 a6 13. Ne5 1/2-1/2

[Event "SRB Central-ch op"]
[Site "Pozarevac"]
[Date "2013.02.20"]
[Round "4"]
[White "Garic, Radomir"]
[Black "Rajkovic, Ljubisa"]
[Result "1-0"]
[WhiteElo "2271"]
[BlackElo "2148"]
[PlyCount "75"]
[EventDate "2013.02.18"]
[EventType "swiss"]
[EventRounds "9"]
[EventCountry "SRB"]
[SourceTitle "CBM 153 Extra"]
[Source "ChessBase"]
[SourceDate "2013.04.22"]
[SourceVersion "1"]
[SourceVersionDate "2013.04.22"]
[SourceQuality "1"]

1. e4 e5 2. Nf3 Nc6 3. Bc4 Bc5 4. c3 Qe7 5. d3 Nf6 6. Nbd2 d6 7. Bb3 0-0 8. 0-0 Bg4 9. h3 Be6 10. Nc4 h6 11. Be3 Bxe3 12. Nxe3 Qd7 13. Nh4 d5 14. Qc2 Rad8 15. Rad1 a6 16. Qe2 Rfe8 17. Qf3 Ne7 18. Qg3 dxe4 19. dxe4 Qb5 20. Bxe6 fxe6 21. Ng4 Nxg4 22. Qxg4 Qb6 23. Nf3 Nc6 24. Qg6 Ne7 25. Qg4 Nc8 26. Nxe5 Rxd1 27. Rxd1 Nd6 28. Nd7 Qxb2 29. Nf6+ Kf8 30. Nxe8 Nxe8 31. Qxe6 Qxc3 32. e5 Qc2 33. Rd4 Qc1+ 34. Kh2 Qg5 35. h4 Qc1 36. Qf5+ Kg8 37. Rd8 Qc6 38. e6 1-0

[Event "SRB Central-ch op"]
[Site "Pozarevac"]
[Date "2013.02.19"]
[Round "3"]
[White "Rajkovic, Ljubisa"]
[Black "Ilic, Zoran S"]
[Result "1/2-1/2"]
[WhiteElo "2148"]
[BlackElo "2293"]
[PlyCount "77"]
[EventDate "2013.02.18"]
[EventType "swiss"]
[EventRounds "9"]
[EventCountry "SRB"]
[SourceTitle "CBM 153 Extra"]
[Source "ChessBase"]
[SourceDate "2013.04.22"]
[SourceVersion "1"]
[SourceVersionDate "2013.04.22"]
[SourceQuality "1"]

1. c4 g6 2. d4 Bg7 3. Nc3 c5 4. d5 Nf6 5. e4 d6 6. Be2 0-0 7. Bg5 h6 8. Be3 e6 9. Qd2 Kh7 10. dxe6 Bxe6 11. 0-0-0 Qa5 12. f4 Nc6 13. Nf3 a6 14. Bd3 b5 15. Bb1 Rad8 16. Nd5 bxc4 17. Qxa5 Nxa5 18. Nxf6+ Bxf6 19. f5 gxf5 20. Bf4 Nb7 21. exf5 Bc8 22. g4 d5 23. h4 Nd6 24. g5 Bd4 25. Nxd4 cxd4 26. Bxd6 Rxd6 27. f6+ Kh8 28. Rxd4 Rg8 29. Rhd1 Be6 30. Rxc4 dxc4 31. Rxd6 hxg5 32. hxg5 Rxg5 33. Rd8+ Rg8 34. Rxg8+ Kxg8 35. Kd2 Kf8 36. Kc3 Ke8 37. Kb4 Kd7 38. Kc5 Bg4 39. Kb6 1/2-1/2

[Event "SRB Central-ch op"]
[Site "Pozarevac"]
[Date "2013.02.18"]
[Round "1"]
[White "Rajkovic, Ljubisa"]
[Black "Markovic, Miroslav"]
[Result "1/2-1/2"]
[WhiteElo "2148"]
[BlackElo "2486"]
[PlyCount "48"]
[EventDate "2013.02.18"]
[EventType "swiss"]
[EventRounds "9"]
[EventCountry "SRB"]
[SourceTitle "CBM 153 Extra"]
[Source "ChessBase"]
[SourceDate "2013.04.22"]
[SourceVersion "1"]
[SourceVersionDate "2013.04.22"]
[SourceQuality "1"]

1. c4 g6 2. Nc3 Bg7 3. d4 d6 4. g3 Nf6 5. Bg2 0-0 6. Nf3 Nc6 7. 0-0 Bg4 8. h3 Bxf3 9. Bxf3 Nd7 10. e3 e5 11. dxe5 Ncxe5 12. Bxb7 Rb8 13. Bg2 Nxc4 14. Qc2 c5 15. Nd1 Ncb6 16. Nc3 Nc4 17. Nd1 Ndb6 18. Rb1 Qe7 19. b3 Ne5 20. Nc3 Rbc8 21. Nd5 Qd7 22. Qd1 Nc6 23. Nxb6 axb6 24. Bb2 Ne7 1/2-1/2

[Event "Branicevo-ch"]
[Site "Pozarevac"]
[Date "2012.12.21"]
[Round "1"]
[White "Rajkovic, Ljubisa"]
[Black "Radovanovic, Dusan"]
[Result "1/2-1/2"]
[WhiteElo "2170"]
[BlackElo "2373"]
[PlyCount "73"]
[EventDate "2012.12.21"]
[EventType "swiss"]
[EventRounds "5"]
[EventCountry "SRB"]
[SourceTitle "CBM 152 Extra"]
[Source "ChessBase"]
[SourceDate "2013.02.25"]
[SourceVersion "1"]
[SourceVersionDate "2013.02.25"]
[SourceQuality "1"]

1. d4 Nf6 2. c4 e6 3. Nf3 b6 4. g3 Ba6 5. Nbd2 Bb4 6. Qc2 0-0 7. Bg2 d5 8. 0-0 c5 9. dxc5 Bxc5 10. e4 dxc4 11. Nxc4 Nc6 12. b3 Nb4 13. Qe2 Qd3 14. Qxd3 Nxd3 15. Ne1 Bxc4 16. bxc4 Ne5 17. Bg5 Nxc4 18. Nd3 Bd4 19. Rac1 Rac8 20. Rc2 Ne5 21. Rxc8 Rxc8 22. Nxe5 Bxe5 23. Rc1 Rxc1+ 24. Bxc1 Bd4 25. h3 e5 26. Kf1 Kf8 27. Ke2 Ke7 28. Bg5 Kd6 29. Bxf6 gxf6 30. f3 Kc5 31. Kd3 Kb4 32. Kc2 Ka3 33. Kb1 b5 34. Bf1 b4 35. Bc4 a5 36. Kc2 h6 37. g4 1/2-1/2

[Event "SRB-chT2 East CS"]
[Site "Serbia"]
[Date "2012.09.15"]
[Round "2.13"]
[White "Markovic, Marko"]
[Black "Rajkovic, Ljubisa"]
[Result "1/2-1/2"]
[WhiteElo "2292"]
[BlackElo "2167"]
[PlyCount "26"]
[EventDate "2012.09.14"]
[EventType "team"]
[EventRounds "9"]
[EventCountry "SRB"]
[SourceTitle "EXT 2015"]
[Source "ChessBase"]
[SourceDate "2014.11.20"]
[SourceVersion "1"]
[SourceVersionDate "2014.11.20"]
[SourceQuality "1"]

1. e4 c6 2. d4 d5 3. f3 dxe4 4. fxe4 e5 5. Nf3 exd4 6. Bc4 Be6 7. Bxe6 fxe6 8. 0-0 e5 9. Nxe5 Nf6 10. Bg5 Nbd7 11. Nd3 Be7 12. Nf4 Qa5 13. Ne6 Kf7 1/2-1/2

[Event "SRB-chT Central"]
[Site "Pozarevac"]
[Date "2012.02.16"]
[Round "5"]
[White "Djordjevic, Zoran B"]
[Black "Rajkovic, Ljubisa"]
[Result "1/2-1/2"]
[WhiteElo "2060"]
[BlackElo "2188"]
[PlyCount "33"]
[EventDate "2012.02.13"]
[EventType "team-swiss"]
[EventRounds "9"]
[EventCountry "SRB"]
[SourceTitle "CBM 146 Extra"]
[Source "ChessBase"]
[SourceDate "2012.02.29"]
[SourceVersion "1"]
[SourceVersionDate "2012.02.29"]
[SourceQuality "1"]

1. c4 Nf6 2. g3 c6 3. Bg2 d5 4. cxd5 cxd5 5. Nf3 Nc6 6. 0-0 Bg4 7. d4 Bxf3 8. Bxf3 Qb6 9. e3 e6 10. Nc3 Rc8 11. Na4 Qc7 12. Bd2 Bd6 13. Rc1 Qe7 14. Nc5 b6 15. Nd3 0-0 16. Qa4 Qb7 17. Nb4 1/2-1/2

[Event "SRB-chT3 East"]
[Site "Serbia"]
[Date "2010.09.26"]
[Round "3.4"]
[White "Rajkovic, Ljubisa"]
[Black "Dinic, Dragan"]
[Result "1/2-1/2"]
[WhiteElo "2180"]
[BlackElo "2281"]
[PlyCount "70"]
[EventDate "2010.09.12"]
[EventType "team"]
[EventRounds "11"]
[EventCountry "SRB"]
[SourceTitle "EXT 2012"]
[Source "ChessBase"]
[SourceDate "2011.11.24"]
[SourceVersion "1"]
[SourceVersionDate "2011.11.24"]
[SourceQuality "1"]

1. c4 e5 2. Nc3 Nc6 3. g3 Bc5 4. Bg2 d6 5. e3 a6 6. Nge2 Nge7 7. 0-0 h5 8. d4 Ba7 9. b3 h4 10. Bb2 hxg3 11. hxg3 Bh3 12. Bxh3 Rxh3 13. Nd5 Qd7 14. dxe5 dxe5 15. Nxe7 Qxe7 16. Kg2 Rh6 17. Nc3 Qe6 18. Rh1 Rxh1 19. Qxh1 0-0-0 20. Rd1 Rxd1 21. Qxd1 Bc5 22. Qh5 b6 23. Ne4 g6 24. Qh8+ Kb7 25. Qf6 Qxf6 26. Nxf6 Be7 27. Nd5 Bd8 28. f4 exf4 29. gxf4 Kc8 30. Kf3 Kd7 31. Bc3 Ke6 32. Ke4 f5+ 33. Kd3 Ne7 34. Nb4 a5 35. Nc2 Nc6 1/2-1/2

[Event "SRB-chT2"]
[Site "Golubac"]
[Date "2008.09.25"]
[Round "9"]
[White "Rajkovic, Ljubisa"]
[Black "Rajevic, Gavrilo"]
[Result "0-1"]
[WhiteElo "2194"]
[BlackElo "2282"]
[PlyCount "108"]
[EventDate "2008.09.20"]
[EventType "tourn"]
[EventRounds "11"]
[EventCountry "YUG"]
[SourceTitle "EXT 2010"]
[Source "ChessBase"]
[SourceDate "2010.11.25"]
[SourceVersion "1"]
[SourceVersionDate "2010.11.25"]
[SourceQuality "1"]

1. e4 c5 2. Nf3 d6 3. d4 cxd4 4. Nxd4 Nf6 5. Nc3 a6 6. Be2 e5 7. Nb3 Be7 8. 0-0 0-0 9. Be3 Be6 10. f4 Qc7 11. f5 Bc4 12. Rf2 b5 13. Bf3 b4 14. Nd5 Bxd5 15. exd5 e4 16. Be2 Nbd7 17. Qd4 a5 18. Rc1 Qb7 19. Rd1 Rfc8 20. c4 bxc3 21. bxc3 a4 22. Nc1 Ne5 23. h3 Bd8 24. Bf1 Ba5 25. c4 Rc7 26. Rc2 Qc8 27. c5 Bb6 28. cxb6 Rxc2 29. Qb4 Qc3 30. Qxc3 Rxc3 31. Bd4 Rc2 32. b7 Rb8 33. Ba6 Rc7 34. Ba7 Rbxb7 35. Bxb7 Rxb7 36. Bd4 Rb1 37. Bxe5 dxe5 38. d6 Kf8 39. Rf1 Rb2 40. Re1 Rb1 41. Rf1 Ke8 42. Ne2 Rb2 43. Nc3 a3 44. Rf2 Kd7 45. Rxb2 axb2 46. Kf2 Kxd6 47. Ke1 Nd5 48. Nb1 Kc5 49. Kd2 Kd4 50. a4 e3+ 51. Kc2 Nb4+ 52. Kxb2 e2 53. Nd2 e4 54. Nb3+ Ke5 0-1

[Event "SRB-chT2"]
[Site "Golubac"]
[Date "2008.09.21"]
[Round "3"]
[White "Urosevic, Zoran"]
[Black "Rajkovic, Ljubisa"]
[Result "1-0"]
[WhiteElo "2294"]
[BlackElo "2194"]
[PlyCount "135"]
[EventDate "2008.09.20"]
[EventType "tourn"]
[EventRounds "11"]
[EventCountry "YUG"]
[SourceTitle "EXT 2010"]
[Source "ChessBase"]
[SourceDate "2010.11.25"]
[SourceVersion "1"]
[SourceVersionDate "2010.11.25"]
[SourceQuality "1"]

1. e4 c5 2. Nf3 d6 3. c3 e6 4. d4 Nd7 5. Bd3 a6 6. 0-0 Qc7 7. a4 Ngf6 8. Re1 Be7 9. Bg5 h6 10. Bh4 g5 11. Bg3 Nh5 12. d5 Nxg3 13. dxe6 fxe6 14. e5 d5 15. Bg6+ Kd8 16. hxg3 Nf8 17. Bh5 Bd7 18. Nbd2 Kc8 19. Rc1 Kb8 20. c4 Qb6 21. b3 Ka7 22. Nh2 Qd8 23. Ng4 Be8 24. Ne3 d4 25. Nc2 Bxh5 26. Qxh5 Qe8 27. Qf3 a5 28. Na3 Rd8 29. Nb5+ Kb8 30. Ne4 Qc6 31. Qf7 Rh7 32. Qg8 Qe8 33. Nbd6 Qg6 34. Qxg6 Nxg6 35. Nxc5 Bxd6 36. exd6 Rxd6 37. Rxe6 Rxe6 38. Nxe6 d3 39. Rd1 Re7 40. Nc5 d2 41. Kf1 Re1+ 42. Rxe1 dxe1Q+ 43. Kxe1 Kc7 44. Nd3 Kd6 45. Ke2 b6 46. g4 Ne7 47. Ke3 Ke6 48. Ke4 Kd6 49. f3 Ng6 50. g3 Ne7 51. f4 gxf4 52. gxf4 Ke6 53. c5 bxc5 54. Nxc5+ Kf6 55. Nd7+ Ke6 56. Ne5 Kf6 57. Nc4 Nc6 58. g5+ hxg5 59. fxg5+ Kxg5 60. Kd5 Nb4+ 61. Kc5 Nd3+ 62. Kb5 Ne1 63. Nxa5 Kf5 64. b4 Ke6 65. Nc6 Kd7 66. Kb6 Kc8 67. a5 Nc2 68. b5 1-0

[Event "SRB-chT 1st League"]
[Site "Vrnjacka Banja"]
[Date "2007.10.14"]
[Round "6.2"]
[White "Pantelic, Sasa"]
[Black "Rajkovic, Ljubisa"]
[Result "1-0"]
[WhiteElo "2229"]
[BlackElo "2189"]
[PlyCount "83"]
[EventDate "2007.09.08"]
[EventType "team"]
[EventRounds "11"]
[EventCountry "SRB"]
[SourceTitle "EXT 2012"]
[Source "ChessBase"]
[SourceDate "2011.11.24"]
[SourceVersion "1"]
[SourceVersionDate "2011.11.24"]
[SourceQuality "1"]
[WhiteTeam "Sabac"]
[BlackTeam "Bozevac Zadrugar"]
[WhiteTeamCountry "SRB"]
[BlackTeamCountry "SRB"]

1. d4 c5 2. d5 e5 3. e4 d6 4. Nc3 Be7 5. Nf3 Nf6 6. Nd2 Nbd7 7. Be2 0-0 8. 0-0 Ne8 9. Nc4 Nb6 10. Ne3 Bg5 11. a4 Bd7 12. a5 Nc8 13. Bg4 Nf6 14. Bxd7 Nxd7 15. Qg4 g6 16. Nc4 Bxc1 17. Raxc1 Qe7 18. f4 a6 19. f5 Na7 20. Nb6 Nxb6 21. f6 Qd7 22. Qg5 Kh8 23. axb6 Nb5 24. Qh6 Rg8 25. Rf3 g5 26. Rh3 Qxh3 27. Qxh3 g4 28. Qh5 Rg6 29. Nxb5 axb5 30. Qf5 Rd8 31. Ra1 h6 32. Ra7 Rg5 33. Qf1 Rb8 34. Qxb5 g3 35. h3 Rg6 36. Qd7 Rxf6 37. Rxb7 Rg8 38. Rc7 Rf4 39. Rc8 Rxe4 40. Rxg8+ Kxg8 41. Qg4+ Rxg4 42. hxg4 1-0